000
00327nam a2200145Ia 4500
100
_a
Shahani/ D.C.
650
_a
Electrical Engineering
942
_c
BK
654
_a
Television
245
_a
Know the television
260
_b
Principal D.C. Shahani
_a
Nagpur
_c
1980
082
_a
621.38
300
_a
304
546
_a
ENGLISH
999
_c
26089
_d
26089